| 000 | 00412nam a2200133Ia 4500 | ||
|---|---|---|---|
| 008 | 170516s9999 xx 000 0 und d | ||
| 245 | _aMonitoring Breast Tumor Lung Metastasis by U-SPECT-II/CT with an Integrin αvβ3-Targeted Radiotracer 99mTc-3P-RGD2 | ||
| 260 | _bTheranostics | ||
| 260 | _c2012 | ||
| 300 | _a2:6 | ||
| 650 | _xMedical Technology | ||
| 650 | _xMedtech | ||
| 856 | _uhttp://www.thno.org/v2i6 | ||
| 999 |
_c330506 _d330506 |
||